| 000 | 00000nam 22000008a 4500 |
| 001 | 9.839134 |
| 003 | CaOODSP |
| 005 | 20221107151535 |
| 007 | cr ||||||||||| |
| 008 | 170802s1970 onc o| f000 0 eng d |
| 040 | |aCaOODSP|beng |
| 043 | |an-cn-mb |
| 086 | 1 |aR44-61/1970E-PDF |
| 245 | 00|aEducation for the Metis of Manitoba |h[electronic resource]. |
| 260 | |a[S.l. : |bs.n.], |c1970. |
| 300 | |a[5] p. |
| 500 | |aCaption title. |
| 500 | |aDigitized edition from print [produced by Indigenous and Northern Affairs Canada]. |
| 692 | 07|2gccst|aMétis |
| 692 | 07|2gccst|aPostsecondary education |
| 710 | 1 |aCanada. |bIndian and Northern Affairs Canada. |
| 856 | 40|qPDF|s260 KB|uhttps://publications.gc.ca/collections/collection_2017/aanc-inac/R44-61-1970-eng.pdf |